[Event "XXVIII C.to Italiano femminile"]
[Site "Imperia ITA"]
[Date "2001.09.06"]
[Round "6"]
[White "Fittante, Giuliana"]
[Black "Capuano, Francesca"]
[Result "0-1"]
[WhiteElo "2011"]
[BlackElo "2010"]
[PlyCount "87"]
[EventDate "2001.09.02"]

1. e4 e5 2. Nf3 Nf6 3. d4 Nxe4 4. Bd3 d5 5. Nxe5 Nd7 6. Nxd7 Bxd7 7. O-O Bd6 8.
c4 c6 9. Nc3 O-O 10. Qh5 g6 11. Qh6 Nxc3 12. bxc3 Be6 13. c5 Be7 14. Bd2 Re8
15. Qf4 b6 16. cxb6 axb6 17. Qg3 Ra3 18. f4 Bd6 19. Qf3 f5 20. Qd1 b5 21. Rf3
Re7 22. Bc2 Rea7 23. Bb3 Rg7 24. Qe2 Bc8 25. Bc1 Raa7 26. a4 Rae7 27. Qf2 Qe8
28. Be3 Re4 29. Bc2 Re6 30. Qg3 Kh8 31. Bb3 Rge7 32. Bf2 Ra7 33. Ra2 bxa4 34.
Rxa4 Rxa4 35. Bxa4 Re2 36. Bxc6 Qxc6 37. h4 Qe8 38. h5 Kg7 39. hxg6 hxg6 40.
Kf1 Re4 41. Qh4 Qh8 42. Qxh8+ Kxh8 43. Bh4 Rxf4 44. Bf6+ 0-1

[Event "XXVIII C.to Italiano femminile"]
[Site "Imperia ITA"]
[Date "2001.09.07"]
[Round "7"]
[White "Capuano, Francesca"]
[Black "Decataldo, Alba"]
[Result "1/2-1/2"]
[WhiteElo "2010"]
[BlackElo "1887"]
[PlyCount "97"]
[EventDate "2001.09.02"]

1. d4 d5 2. Nf3 Nf6 3. Bg5 Ne4 4. Bf4 Bf5 5. e3 e6 6. Nbd2 Nd7 7. c3 Be7 8.
Nxe4 Bxe4 9. Bd3 Bxd3 10. Qxd3 O-O 11. h4 h6 12. g4 c5 13. O-O-O cxd4 14. exd4
Qa5 15. Kb1 b5 16. Rhg1 Rac8 17. Rc1 b4 18. Bd2 bxc3 19. Rxc3 Rxc3 20. Qxc3 Qb5
21. h5 f6 22. Re1 Qb6 23. Qe3 Kf7 24. Qd3 Rb8 25. Bc3 Nf8 26. Qe3 Ba3 27. Re2
Qb5 28. Ne1 Rc8 29. Nc2 Bd6 30. Re1 a5 31. Ka1 a4 32. Qe2 Qc6 33. Ne3 a3 34.
Qd2 axb2+ 35. Bxb2 Qa4 36. Rc1 Ra8 37. Bc3 Qa3 38. Rb1 Qa6 39. Rc1 Qa3 40. Rb1
Qa6 41. Rb3 Rb8 42. Rxb8 Bxb8 43. Qc2 Bd6 44. Kb1 Ba3 45. Bb2 Qb6 46. Kc1 Bxb2+
47. Qxb2 Qa5 48. Qd2 Qa3+ 49. Qb2 1/2-1/2

[Event "XXVIII C.to Italiano femminile"]
[Site "Imperia ITA"]
[Date "2001.09.07"]
[Round "7"]
[White "Ceccaroni, Penny"]
[Black "Fittante, Giuliana"]
[Result "0-1"]
[WhiteElo "1464"]
[BlackElo "2011"]
[PlyCount "36"]
[EventDate "2001.09.02"]

1. e4 e5 2. Nf3 Nf6 3. Nc3 Bb4 4. a3 Bxc3 5. bxc3 Nxe4 6. Bd3 d5 7. Nxe5 Qf6 8.
Nf3 Bg4 9. Be2 O-O 10. O-O Nd7 11. Bb2 Rfe8 12. d4 Rad8 13. Qd3 Nb6 14. a4 Nc4
15. Bc1 h6 16. Bd1 Bf5 17. Nd2 Nexd2 18. Bxd2 Bxd3 0-1

[Event "XXVIII C.to Italiano femminile"]
[Site "Imperia ITA"]
[Date "2001.09.07"]
[Round "7"]
[White "Clappa, Ilaria"]
[Black "Nenzi, Laura"]
[Result "1/2-1/2"]
[WhiteElo "1558"]
[BlackElo "1471"]
[PlyCount "96"]
[EventDate "2001.09.02"]

1. d4 d5 2. Nf3 Nf6 3. c4 e6 4. Nc3 Be7 5. Bg5 O-O 6. e3 Nbd7 7. Bd3 dxc4 8.
Bxc4 h6 9. Bh4 a6 10. a4 c5 11. O-O Nb6 12. Be2 cxd4 13. Qxd4 Qxd4 14. Nxd4
Nfd5 15. Bxe7 Nxe7 16. a5 Nbd5 17. Na4 e5 18. Nb3 Nc6 19. Bf3 Ndb4 20. Nb6 Rb8
21. Rfd1 Rd8 22. Rxd8+ Nxd8 23. Rd1 Ndc6 24. Nc5 Kh7 25. Nxc8 Rxc8 26. Nxb7 Rc7
27. Rc1 Rxb7 28. Bxc6 Nxc6 29. Rxc6 Rxb2 30. Kf1 Ra2 31. Rxa6 f6 32. Ra8 g6 33.
Ra7+ Kg8 34. a6 Kh8 35. g3 Kg8 36. Ra8+ Kg7 37. a7 Kh7 38. Ke1 Kg7 39. Kd1 Kh7
40. Kc1 Kg7 41. Kb1 Ra6 42. Kb2 Ra5 43. Kc3 Ra1 44. Kc4 Ra2 45. Kd5 Ra1 46. h4
Ra2 47. e4 g5 48. hxg5 hxg5 1/2-1/2

[Event "XXVIII C.to Italiano femminile"]
[Site "Imperia ITA"]
[Date "2001.09.07"]
[Round "7"]
[White "Nazarova, Olga"]
[Black "Cucoch, Marisa"]
[Result "1-0"]
[WhiteElo "1621"]
[BlackElo "1404"]
[PlyCount "95"]
[EventDate "2001.09.02"]

1. d4 Nf6 2. c4 g6 3. Nc3 Bg7 4. Nf3 d6 5. h3 c6 6. e4 Nbd7 7. Bd3 e5 8. d5 Nc5
9. Bc2 a5 10. O-O O-O 11. Qe2 Qc7 12. Rd1 h6 13. Be3 b6 14. Qd2 Rd8 15. Bxh6
Bb7 16. Bxg7 Kxg7 17. Qg5 Nh7 18. Qg3 Qe7 19. Rd2 a4 20. Re1 a3 21. b3 f6 22.
Nh4 Qf7 23. dxc6 Bxc6 24. Nf5+ Kf8 25. Nxd6 Qg7 26. Red1 Ne6 27. Ndb5 Rxd2 28.
Rxd2 Qh6 29. Rd1 Nd4 30. Nxd4 exd4 31. Qd6+ Kg7 32. Qxc6 Rf8 33. Qd7+ Rf7 34.
Qxd4 Nf8 35. Qxb6 Nd7 36. Qd6 Ne5 37. Qxa3 Qg5 38. Kf1 Qf4 39. Ne2 Qh2 40. Qc1
Qh1+ 41. Ng1 Rf8 42. f4 Nf7 43. Qe3 Rh8 44. Qg3 Rh5 45. Kf2 Nh6 46. Nf3 Rxh3
47. gxh3 Ng4+ 48. Qxg4 1-0

[Event "XXVIII C.to Italiano femminile"]
[Site "Imperia ITA"]
[Date "2001.09.07"]
[Round "7"]
[White "Santurbano, Maria Vincenza"]
[Black "Cassinera, Chiara"]
[Result "1-0"]
[WhiteElo "1657"]
[BlackElo "1600"]
[PlyCount "63"]
[EventDate "2001.09.02"]

1. e4 c5 2. Nc3 Nc6 3. g3 d6 4. Bg2 Nf6 5. f4 e5 6. d3 g6 7. Nf3 Bg7 8. O-O O-O
9. h3 h5 10. Be3 Qc7 11. Qd2 Nd4 12. Ne2 Nxf3+ 13. Rxf3 Nh7 14. Raf1 f6 15. Nc3
Qd8 16. fxe5 fxe5 17. Rxf8+ Nxf8 18. Bg5 Qe8 19. Nd5 Ne6 20. Nf6+ Bxf6 21. Bxf6
Kh7 22. g4 Bd7 23. Qf2 Qf8 24. gxh5 gxh5 25. Qf5+ Kh6 26. h4 Qg8 27. Bg5+ Nxg5
28. hxg5+ Qxg5 29. Qxd7 Rg8 30. Qh3 b5 31. Rf5 Qc1+ 32. Kh2 1-0

[Event "XXVIII C.to Italiano femminile"]
[Site "Imperia ITA"]
[Date "2001.09.08"]
[Round "8"]
[White "Capuano, Francesca"]
[Black "Clappa, Ilaria"]
[Result "1-0"]
[WhiteElo "2010"]
[BlackElo "1558"]
[PlyCount "69"]
[EventDate "2001.09.02"]

1. d4 d5 2. Nf3 Nf6 3. Bf4 Bf5 4. e3 e6 5. Nbd2 Be7 6. c3 O-O 7. Qb3 b6 8. Ne5
Bd6 9. Bg5 c5 10. Be2 h6 11. Bh4 c4 12. Qd1 g5 13. Bg3 Nbd7 14. Nxf7 Rxf7 15.
Bxd6 Bg6 16. O-O Rc8 17. f4 Ne8 18. Ba3 Ng7 19. g4 b5 20. Rc1 a5 21. b3 Rc6 22.
bxc4 bxc4 23. Qa4 Ra6 24. Rf3 Nf8 25. Bxf8 Rxf8 26. h3 Qc7 27. Rcf1 Rb8 28. Qa3
Qa7 29. fxg5 hxg5 30. Rf8+ Rxf8 31. Qxf8+ Kh7 32. Nf3 Qf7 33. Qxf7 Bxf7 34.
Nxg5+ Kg6 35. Nxf7 1-0

[Event "XXVIII C.to Italiano femminile"]
[Site "Imperia ITA"]
[Date "2001.09.08"]
[Round "8"]
[White "Cassinera, Chiara"]
[Black "Vittimberga, Valeria"]
[Result "1-0"]
[WhiteElo "1600"]
[BlackElo "1395"]
[PlyCount "39"]
[EventDate "2001.09.02"]

1. e4 e6 2. d4 d5 3. e5 c5 4. c3 Nc6 5. Nf3 Qb6 6. Bd3 Bd7 7. Bc2 cxd4 8. cxd4
Nh6 9. Bxh6 Qxb2 10. Nbd2 gxh6 11. O-O Nxd4 12. Nxd4 Qxd4 13. Re1 Bb4 14. Re2
Bb5 15. Ba4 Bxa4 16. Qxa4+ Ke7 17. Rd1 Qb2 18. Rb1 Qxd2 19. Rxd2 Bxd2 20. Rxb7+
1-0

[Event "XXVIII C.to Italiano femminile"]
[Site "Imperia ITA"]
[Date "2001.09.08"]
[Round "8"]
[White "Decataldo, Alba"]
[Black "Santurbano, Maria Vincenza"]
[Result "0-1"]
[WhiteElo "1887"]
[BlackElo "1657"]
[PlyCount "86"]
[EventDate "2001.09.02"]

1. e4 e5 2. Nf3 Nc6 3. d4 exd4 4. c3 dxc3 5. Bc4 Nf6 6. e5 d5 7. exf6 dxc4 8.
Qe2+ Be6 9. fxg7 Bxg7 10. Nxc3 Qd3 11. O-O O-O-O 12. Qe3 Nd4 13. Ne1 Qf5 14.
Ne4 h5 15. Ng3 Qg6 16. Ne2 Nxe2+ 17. Qxe2 h4 18. Bf4 Bd5 19. Qe7 Rd7 20. Qg5
Qxg5 21. Bxg5 Bxb2 22. Rb1 Bd4 23. Rd1 Bb6 24. Be3 Rg8 25. Bxb6 axb6 26. f3 h3
27. g3 Rg6 28. Rf2 Bc6 29. Rxd7 Kxd7 30. Rd2+ Rd6 31. Rc2 b5 32. a3 Rd1 33. Kf2
Kd6 34. g4 Kc5 35. Ke2 Ra1 36. Nd3+ Kd4 37. Nb4 Rxa3 38. Nxc6+ bxc6 39. Rd2+
Rd3 40. Rb2 Kc3 41. Ra2 b4 42. Ra1 Rd2+ 43. Ke3 Rxh2 0-1

[Event "XXVIII C.to Italiano femminile"]
[Site "Imperia ITA"]
[Date "2001.09.08"]
[Round "8"]
[White "Nazarova, Olga"]
[Black "Ceccaroni, Penny"]
[Result "1-0"]
[WhiteElo "1621"]
[BlackElo "1464"]
[PlyCount "63"]
[EventDate "2001.09.02"]

1. d4 d5 2. c4 c6 3. Nc3 e6 4. e3 Bb4 5. Bd2 Nf6 6. Nf3 O-O 7. Bd3 Be7 8. Qc2
g6 9. O-O-O Ng4 10. Rdf1 Nh6 11. h4 Nf5 12. h5 Kg7 13. hxg6 fxg6 14. Rh2 Bd7
15. Rfh1 Rh8 16. c5 Be8 17. g4 Nd6 18. cxd6 Bxd6 19. Rh3 Be7 20. Ne5 Nd7 21.
Nxd7 Qxd7 22. f3 Bf7 23. Be1 Qe8 24. Bg3 Bg5 25. Be5+ Bf6 26. Bxf6+ Kxf6 27.
Rxh7 Rxh7 28. Rxh7 Qg8 29. Qh2 Ke7 30. Qc7+ Kf6 31. g5+ Kxg5 32. Qe7# 1-0

[Event "XXVIII C.to Italiano femminile"]
[Site "Imperia ITA"]
[Date "2001.09.08"]
[Round "8"]
[White "Nenzi, Laura"]
[Black "Cucoch, Marisa"]
[Result "1-0"]
[WhiteElo "1471"]
[BlackElo "1404"]
[PlyCount "53"]
[EventDate "2001.09.02"]

1. e4 g6 2. d4 Bg7 3. f4 d6 4. Nf3 Nf6 5. Nc3 c6 6. Bd3 O-O 7. Qe2 e6 8. Be3
Re8 9. O-O-O Qa5 10. e5 dxe5 11. dxe5 Nd5 12. Nxd5 exd5 13. Kb1 Bg4 14. h3 Bxf3
15. Qxf3 Nd7 16. h4 b5 17. h5 Rab8 18. hxg6 fxg6 19. Qh3 Nf8 20. Bc5 b4 21.
Bxf8 Kxf8 22. Qxh7 b3 23. cxb3 c5 24. Qxg6 Qc7 25. Rh5 Re7 26. Rdh1 Rf7 27. Rf5
1-0

[Event "XXVIII C.to Italiano femminile"]
[Site "Imperia ITA"]
[Date "2001.09.09"]
[Round "9"]
[White "Cassinera, Chiara"]
[Black "Capuano, Francesca"]
[Result "1/2-1/2"]
[WhiteElo "1600"]
[BlackElo "2010"]
[PlyCount "85"]
[EventDate "2001.09.02"]

1. e4 e5 2. Nf3 Nf6 3. Nxe5 d6 4. Nf3 Nxe4 5. d4 d5 6. Bd3 Nc6 7. Bd2 Nxd2 8.
Qxd2 Be7 9. O-O O-O 10. h3 Nb4 11. a3 Nxd3 12. Qxd3 Bd6 13. Nc3 c6 14. Rfe1 Qf6
15. Ne5 Bf5 16. Qd1 Rfe8 17. Nf3 Rxe1+ 18. Nxe1 Qg6 19. Kf1 Re8 20. Nd3 Qg5 21.
Qf3 Qg6 22. Re1 Rxe1+ 23. Kxe1 Bxd3 24. cxd3 Qe6+ 25. Kd2 g5 26. Ne2 Kg7 27. g4
Kg6 28. Kc2 Qf6 29. Qxf6+ Kxf6 30. b4 a5 31. Nc1 axb4 32. axb4 b6 33. Nb3 Kg6
34. f3 h5 35. Nc1 f5 36. Ne2 fxg4 37. fxg4 hxg4 38. hxg4 Bf4 39. Ng1 Be3 40.
Nf3 c5 41. bxc5 bxc5 42. dxc5 Bxc5 43. d4 1/2-1/2

[Event "XXVIII C.to Italiano femminile"]
[Site "Imperia ITA"]
[Date "2001.09.09"]
[Round "9"]
[White "Clappa, Ilaria"]
[Black "Ceccaroni, Penny"]
[Result "1-0"]
[WhiteElo "1558"]
[BlackElo "1464"]
[PlyCount "45"]
[EventDate "2001.09.02"]

1. d4 d5 2. Nf3 c6 3. c4 dxc4 4. e4 b5 5. a4 a6 6. Bf4 e6 7. Be2 Bb4+ 8. Nc3
Nf6 9. Qc2 O-O 10. O-O Nh5 11. Be3 Nf6 12. axb5 Bxc3 13. bxc3 cxb5 14. e5 Nd5
15. Ng5 g6 16. Bd2 Ne7 17. Qe4 Nbc6 18. Qh4 h5 19. Bxh5 Nf5 20. Qh3 Nce7 21.
Bxg6 Re8 22. Qh7+ Kf8 23. Qxf7# 1-0

[Event "XXVIII C.to Italiano femminile"]
[Site "Imperia ITA"]
[Date "2001.09.09"]
[Round "9"]
[White "Cucoch, Marisa"]
[Black "Fittante, Giuliana"]
[Result "0-1"]
[WhiteElo "1404"]
[BlackElo "2011"]
[PlyCount "102"]
[EventDate "2001.09.02"]

1. d4 Nf6 2. c4 c5 3. Nf3 cxd4 4. Nxd4 e5 5. Nb3 Nc6 6. g3 Bb4+ 7. N1d2 d5 8.
Bg2 dxc4 9. a3 Qb6 10. axb4 cxb3 11. Nxb3 Qxb4+ 12. Bd2 Qb5 13. O-O O-O 14. Bg5
Be6 15. Bxc6 Qxc6 16. Na5 Qe4 17. f3 Qg6 18. Bxf6 Qxf6 19. Ra4 Bh3 20. Re1 b5
21. Rh4 Qb6+ 22. e3 Rfd8 23. Qc2 g6 24. b4 Bf5 25. Qc6 Qxc6 26. Nxc6 Re8 27. g4
Bd3 28. Kf2 Rac8 29. Rc1 Kg7 30. Rc5 f6 31. e4 Rc7 32. Ke3 Bc4 33. Na5 Rxc5 34.
bxc5 Rc8 35. c6 Be6 36. Rh3 Bc4 37. Rg3 Kf7 38. h4 Rc7 39. Rg1 Ke7 40. Rd1 Be6
41. g5 f5 42. f4 exf4+ 43. Kxf4 fxe4 44. Kxe4 Rc8 45. Rb1 Bf5+ 46. Kd5 Bxb1 47.
Kc5 Bd3 48. Nb3 Be4 49. Nd4 Bxc6 50. Nxc6+ Rxc6+ 51. Kxc6 b4 0-1

[Event "XXVIII C.to Italiano femminile"]
[Site "Imperia ITA"]
[Date "2001.09.09"]
[Round "9"]
[White "Santurbano, Maria Vincenza"]
[Black "Nenzi, Laura"]
[Result "1-0"]
[WhiteElo "1657"]
[BlackElo "1471"]
[PlyCount "107"]
[EventDate "2001.09.02"]

1. e4 e5 2. Nf3 Nc6 3. Bc4 Bc5 4. d3 Nf6 5. c3 O-O 6. O-O d6 7. Be3 Bxe3 8.
fxe3 Bg4 9. Nbd2 Re8 10. Qc2 Na5 11. Rac1 Nxc4 12. Nxc4 Qe7 13. Qf2 h6 14. Nh4
Bh5 15. Nf5 Qe6 16. Nxh6+ gxh6 17. Qxf6 Qxf6 18. Rxf6 Bg6 19. Nd2 Kg7 20. Rf3
Re7 21. Rg3 Kh7 22. Rf1 Rf8 23. Nf3 Rh8 24. Nh4 Rd7 25. Nf5 Kg8 26. Nh4 Kg7 27.
Nf5+ Kg8 28. Rh3 h5 29. Nh4 Kg7 30. Rg3 Rh7 31. Rf5 Re7 32. Rfg5 Re6 33. Nf5+
Kf8 34. Nh4 Kg7 35. Kf2 Rf6+ 36. Rf5 Rh6 37. Ke2 a6 38. Rfg5 Kf8 39. Nf5 Rh7
40. Nh4 Kg7 41. Rf3 Rxf3 42. gxf3 Kf6 43. f4 Rh6 44. Rg3 Bh7 45. f5 Ke7 46. Nf3
f6 47. Rg7+ Kd8 48. Nh4 Kc8 49. Kf3 b6 50. Ng6 Bxg6 51. Rxg6 Rh7 52. Rxf6 Kd7
53. Kg3 Kc6 54. Kh4 1-0

[Event "XXVIII C.to Italiano femminile"]
[Site "Imperia ITA"]
[Date "2001.09.09"]
[Round "9"]
[White "Vittimberga, Valeria"]
[Black "Decataldo, Alba"]
[Result "0-1"]
[WhiteElo "1395"]
[BlackElo "1887"]
[PlyCount "138"]
[EventDate "2001.09.02"]

1. e4 e5 2. Nf3 Nc6 3. Bb5 a6 4. Ba4 Nf6 5. O-O b5 6. Bb3 Bc5 7. d3 h6 8. Nc3
O-O 9. Nd5 d6 10. h3 Nd4 11. c3 Nxb3 12. Nxf6+ Qxf6 13. axb3 Re8 14. b4 Bb6 15.
b3 Qd8 16. c4 c6 17. Bb2 Re6 18. Qc2 Rg6 19. Kh1 Qf6 20. Qe2 Be6 21. c5 Bc7 22.
Qd1 dxc5 23. bxc5 a5 24. b4 a4 25. Qe2 Qf4 26. Bc1 Qf6 27. Bb2 Re8 28. Rad1 Bb3
29. Rde1 Qe7 30. Nd2 Qg5 31. Rg1 Be6 32. Nf3 Qf6 33. g4 Ra8 34. Ra1 Ra6 35. Ra3
Bb3 36. Nd2 Qh4 37. Kh2 Be6 38. Nf3 Qf6 39. Bc1 Bd7 40. g5 Qe7 41. Nh4 Qe6 42.
Rg3 Rxg5 43. Bxg5 hxg5 44. Nf5 Bd8 45. Qg4 Qe8 46. Qf3 g6 47. Nd6 Qe6 48. Qg4
Qe7 49. Qe2 Bc7 50. Qd2 Ra8 51. d4 Bxd6 52. cxd6 Qxd6 53. Rad3 Be6 54. dxe5
Qxe5 55. Rd8+ Rxd8 56. Qxd8+ Kg7 57. Qxg5 Qxe4 58. Qc5 Bd7 59. Qc3+ Kg8 60. f3
Qe6 61. Kg2 Qe2+ 62. Kg1 Qe6 63. Kf2 Qd6 64. Qc5 Qxc5+ 65. bxc5 a3 66. f4 a2
67. Rg1 b4 68. Ke2 b3 69. Kd2 b2 0-1

[Event "C.to Europeo U12"]
[Site "Kallithea GRE"]
[Date "2001.09.01"]
[Round "2"]
[White "Ronchetti, Niccolo'"]
[Black "Maslowski, Jakub"]
[Result "1/2-1/2"]
[WhiteElo "1813"]
[BlackElo "2038"]
[PlyCount "66"]
[EventDate "2001.08.31"]

1. e4 c5 2. Nc3 Nc6 3. g3 g6 4. Bg2 Bg7 5. f4 d6 6. d3 Nf6 7. Nf3 O-O 8. O-O
Rb8 9. h3 b5 10. g4 b4 11. Ne2 Nd7 12. Ng3 a5 13. f5 Ba6 14. Re1 Nde5 15. g5
Nxf3+ 16. Bxf3 c4 17. fxg6 hxg6 18. Bg4 cxd3 19. cxd3 Ne5 20. Be2 Qb6+ 21. Kg2
Qd4 22. Bf4 Bxd3 23. Bxe5 Bxe4+ 24. Nxe4 Qxe5 25. Ng3 Qxg5 26. Rb1 Rbc8 27. Bd3
Rc5 28. Qg4 Qd5+ 29. Qf3 Qxa2 30. Rxe7 Re5 31. Rc7 Rc5 32. Re7 Re5 33. Rc7 Rc5
1/2-1/2

[Event "C.to Europeo U12"]
[Site "Kallithea GRE"]
[Date "2001.09.02"]
[Round "3"]
[White "Olszewski, Michal"]
[Black "Ronchetti, Niccolo'"]
[Result "1-0"]
[WhiteElo "2138"]
[BlackElo "1813"]
[PlyCount "33"]
[EventDate "2001.08.31"]

1. d4 Nf6 2. Nf3 e6 3. c4 c5 4. d5 b5 5. Bg5 Qa5+ 6. Nfd2 bxc4 7. Bxf6 gxf6 8.
Nc3 Ba6 9. e4 Bg7 10. Nxc4 Bxc4 11. Bxc4 f5 12. Qb3 fxe4 13. O-O Qb4 14. dxe6
fxe6 15. Bxe6 dxe6 16. Qxe6+ Kf8 17. Qd6+ 1-0

[Event "C.to Europeo U12"]
[Site "Kallithea GRE"]
[Date "2001.09.03"]
[Round "4"]
[White "Ronchetti, Niccolo'"]
[Black "Brzeski, Maciej"]
[Result "0-1"]
[WhiteElo "1813"]
[BlackElo "2124"]
[PlyCount "80"]
[EventDate "2001.08.31"]

1. e4 c5 2. Nc3 Nc6 3. g3 g6 4. Bg2 Bg7 5. d3 e6 6. f4 Nge7 7. Nf3 O-O 8. O-O
d5 9. e5 a6 10. Ne2 f6 11. exf6 Bxf6 12. c3 Qd6 13. d4 cxd4 14. cxd4 Nf5 15.
Qd3 b6 16. Be3 Nb4 17. Qd2 Nxe3 18. Qxe3 Nc2 19. Qd3 Nxa1 20. Rxa1 a5 21. Nc3
Ba6 22. Qd2 Rac8 23. Re1 b5 24. Bh3 Rfe8 25. Ne5 Bxe5 26. Rxe5 Qc6 27. Qe3 Kf7
28. f5 exf5 29. Bg2 Rxe5 30. Qxe5 Qf6 31. Qxd5+ Qe6 32. Qxe6+ Kxe6 33. a3 b4
34. axb4 axb4 35. Na4 Rc1+ 36. Kf2 Rc2+ 37. Kg1 Kd6 38. Nc5 Rxb2 39. Nxa6 Rxg2+
40. Kxg2 b3 0-1

[Event "C.to Europeo U12"]
[Site "Kallithea GRE"]
[Date "2001.09.08"]
[Round "8"]
[White "Fragakis, Efstratios"]
[Black "Ronchetti, Niccolo'"]
[Result "1-0"]
[WhiteElo "2091"]
[BlackElo "1813"]
[PlyCount "85"]
[EventDate "2001.08.31"]

1. e4 c5 2. Nf3 Nc6 3. d4 cxd4 4. Nxd4 Nf6 5. Nc3 e5 6. Ndb5 d6 7. Bg5 a6 8.
Na3 b5 9. Nd5 Be7 10. Bxf6 Bxf6 11. c3 O-O 12. Nc2 Bg5 13. a4 bxa4 14. Rxa4 a5
15. Bb5 Bb7 16. O-O Kh8 17. Qe2 g6 18. Rfa1 f5 19. Qc4 Ne7 20. Nxe7 Bxe7 21.
exf5 gxf5 22. Qa2 Rg8 23. Bf1 Qb6 24. Qe6 Rg7 25. Ne3 Rag8 26. Qxf5 Rf8 27. Qc2
d5 28. Rxa5 Bh4 29. Nd1 d4 30. cxd4 Bxg2 31. Bxg2 Rfg8 32. f3 exd4 33. Kh1 d3
34. Qd2 Be7 35. Ra8 Bf8 36. Qc3 Qg6 37. Ne3 h5 38. R1a6 Qh7 39. Bh3 d2 40. Nd1
h4 41. Bg4 Bc5 42. Rxg8+ Kxg8 43. Be6+ 1-0

[Event "C.to Europeo U14"]
[Site "Kallithea GRE"]
[Date "2001.09.02"]
[Round "3"]
[White "Lo Curto, Emanuele"]
[Black "Adamski, Michal"]
[Result "0-1"]
[WhiteElo "2091"]
[BlackElo "2158"]
[PlyCount "68"]
[EventDate "2001.08.31"]

1. e4 c5 2. Nf3 Nc6 3. d4 cxd4 4. Nxd4 Nf6 5. Nc3 d6 6. f3 e5 7. Nb3 Be6 8. Bg5
Be7 9. Qd2 h6 10. Be3 O-O 11. O-O-O a5 12. Bb5 Qc8 13. Kb1 Rd8 14. Bb6 Rd7 15.
Nd5 Bd8 16. Be3 a4 17. Nc1 Ne8 18. c3 Ra5 19. Qe2 Qb8 20. Nb6 Re7 21. g4 Na7
22. Bc4 Nc8 23. Nd5 Bxd5 24. Bxd5 Nc7 25. h4 Nxd5 26. Rxd5 Rxd5 27. exd5 Bb6
28. Bd2 Rc7 29. Qe4 Ne7 30. Nd3 Qc8 31. b3 axb3 32. axb3 f5 33. gxf5 Qxf5 34.
Rg1 Bxg1 0-1

[Event "C.to Europeo U14"]
[Site "Kallithea GRE"]
[Date "2001.09.02"]
[Round "3"]
[White "Scharrer, Patrick"]
[Black "Gerzhoy, Leonid"]
[Result "0-1"]
[WhiteElo "2054"]
[BlackElo "2257"]
[PlyCount "71"]
[EventDate "2001.08.31"]

1. e4 c5 2. Nf3 Nc6 3. d4 cxd4 4. Nxd4 Nf6 5. Nc3 d6 6. f3 Qb6 7. Nb3 e6 8. Qe2
a6 9. Be3 Qc7 10. O-O-O b5 11. Kb1 Bb7 12. g4 Be7 13. Qf2 Nd7 14. Bd3 Nce5 15.
g5 Nc4 16. Bc1 Ndb6 17. f4 b4 18. Ne2 a5 19. Rhf1 d5 20. exd5 Bxd5 21. f5 a4
22. Nbd4 e5 23. f6 gxf6 24. gxf6 Bc5 25. Qg3 O-O-O 26. Qg4+ Kb8 27. Nf5 Be6 28.
Qf3 Rd7 29. Neg3 Rhd8 30. Ne4 Bd4 31. Nxd4 Rxd4 32. Rg1 b3 33. cxb3 axb3 34. a3
Nxa3+ 35. bxa3 Rxd3 36. Qe2 0-1

[Event "C.to Europeo U14"]
[Site "Kallithea GRE"]
[Date "2001.09.03"]
[Round "4"]
[White "Luch, Michal"]
[Black "Scharrer, Patrick"]
[Result "1/2-1/2"]
[WhiteElo "2115"]
[BlackElo "2054"]
[PlyCount "37"]
[EventDate "2001.08.31"]

1. e4 c5 2. Nf3 Nc6 3. d4 cxd4 4. Nxd4 g6 5. c4 Bg7 6. Be3 Nf6 7. Nc3 Ng4 8.
Qxg4 Nxd4 9. Qd1 Ne6 10. Rc1 Qa5 11. Qd2 b6 12. Be2 Bb7 13. f3 g5 14. O-O h5
15. Rfd1 d6 16. b3 Be5 17. Nd5 Qxd2 18. Rxd2 h4 19. b4 1/2-1/2

[Event "C.to Europeo U14"]
[Site "Kallithea GRE"]
[Date "2001.09.04"]
[Round "5"]
[White "Scharrer, Patrick"]
[Black "Adamski, Michal"]
[Result "1/2-1/2"]
[WhiteElo "2054"]
[BlackElo "2158"]
[PlyCount "82"]
[EventDate "2001.08.31"]

1. e4 e6 2. d4 d5 3. Nd2 c5 4. exd5 exd5 5. Bb5+ Bd7 6. Qe2+ Be7 7. dxc5 Nf6 8.
Ngf3 O-O 9. Bxd7 Nbxd7 10. Nb3 a5 11. a4 Nxc5 12. Nxc5 Bxc5 13. O-O Re8 14. Qb5
Qc7 15. Bd2 Ne4 16. Rae1 Re6 17. Qd3 Rae8 18. Be3 h6 19. Nd4 Rf6 20. f3 Nd6 21.
Bf2 Rxe1 22. Rxe1 Qd7 23. Rd1 Qxa4 24. Qb3 Qc4 25. Qxc4 dxc4 26. Ne2 Bxf2+ 27.
Kxf2 Kf8 28. Nc3 Re6 29. Rd5 b6 30. Na4 b5 31. Nc5 Rg6 32. Re5 Rg5 33. Nd7+ Kg8
34. Rxg5 hxg5 35. Ke3 f6 36. Kd4 Kf7 37. Kc5 Ke7 38. Nb8 a4 39. Nc6+ Kd7 40.
Nd4 c3 41. bxc3 g6 1/2-1/2

[Event "C.to Europeo U14"]
[Site "Kallithea GRE"]
[Date "2001.09.06"]
[Round "6"]
[White "Braun, Arik"]
[Black "Scharrer, Patrick"]
[Result "1-0"]
[WhiteElo "2235"]
[BlackElo "2054"]
[PlyCount "73"]
[EventDate "2001.08.31"]

1. d4 Nf6 2. c4 g6 3. Nc3 Bg7 4. e4 d6 5. f3 O-O 6. Be3 Nc6 7. Nge2 a6 8. Qd2
Rb8 9. Rb1 b5 10. cxb5 axb5 11. b4 e5 12. d5 Ne7 13. Nc1 Bd7 14. Bd3 c6 15.
dxc6 Bxc6 16. O-O d5 17. exd5 Nexd5 18. Bc5 Nxc3 19. Qxc3 Nd5 20. Qb3 Re8 21.
Be4 Rb7 22. Ne2 Rd7 23. Rbd1 Qa8 24. Rd3 Red8 25. Rfd1 Nf6 26. Bxc6 Qxc6 27.
Rxd7 Rxd7 28. Nc3 Bf8 29. Bxf8 Kxf8 30. Rxd7 Qxd7 31. h3 Qd4+ 32. Kh1 Nh5 33.
Ne4 f5 34. Ng5 Qc4 35. Qa3 Kg7 36. Qa7+ Kh6 37. Nf7+ 1-0

[Event "C.to Europeo U14"]
[Site "Kallithea GRE"]
[Date "2001.09.08"]
[Round "8"]
[White "Stopa, Jacek"]
[Black "Lo Curto, Emanuele"]
[Result "1-0"]
[WhiteElo "2167"]
[BlackElo "2091"]
[PlyCount "79"]
[EventDate "2001.08.31"]

1. e4 c5 2. Nf3 d6 3. d4 cxd4 4. Nxd4 Nf6 5. Nc3 e6 6. g4 h6 7. Bg2 Be7 8. b3
Qa5 9. Bb2 d5 10. exd5 Nxd5 11. Bxd5 exd5 12. Qf3 Nc6 13. Qxd5 Qb6 14. Nxc6
bxc6 15. Qe4 Be6 16. O-O-O O-O 17. f3 Rad8 18. Kb1 Rfe8 19. Rxd8 Rxd8 20. Qe2
Bg5 21. Rd1 Qc7 22. Rxd8+ Qxd8 23. Ne4 Be7 24. Bc1 Qd5 25. c4 Qa5 26. Bd2 Qb6
27. Kb2 a5 28. a4 f5 29. Ng3 Bf6+ 30. Bc3 Bxc3+ 31. Kxc3 Bd7 32. Qe7 Bc8 33.
Nh5 Qb4+ 34. Qxb4 axb4+ 35. Kxb4 fxg4 36. fxg4 Bxg4 37. Ng3 Kf7 38. a5 Bc8 39.
Kc5 Bb7 40. Kb6 1-0

[Event "C.to Europeo U14 femminile"]
[Site "Kallithea GRE"]
[Date "2001.08.31"]
[Round "1"]
[White "Kohut, Anna"]
[Black "Rigo, Caterina"]
[Result "1-0"]
[WhiteElo "2008"]
[BlackElo "1600"]
[PlyCount "38"]
[EventDate "2001.08.31"]

1. e4 e5 2. Nf3 Nf6 3. Nxe5 d6 4. Nf3 Nxe4 5. d3 Nf6 6. d4 d5 7. Bg5 Be7 8. Bd3
Nc6 9. O-O O-O 10. c3 Ne4 11. Bxe7 Nxe7 12. Re1 Bf5 13. Nh4 Nd6 14. Nxf5 Ndxf5
15. Qf3 Qd7 16. Re5 Rfe8 17. Nd2 Nd6 18. Rae1 c6 19. h4 Nef5 1-0

[Event "C.to Europeo U16"]
[Site "Kallithea GRE"]
[Date "2001.08.31"]
[Round "1"]
[White "Tomba, Ivan"]
[Black "Kurenkov, Nikolai"]
[Result "0-1"]
[WhiteElo "2106"]
[BlackElo "2367"]
[PlyCount "86"]
[EventDate "2001.08.31"]

1. e4 c5 2. Nf3 d6 3. d4 cxd4 4. Nxd4 Nf6 5. Nc3 a6 6. Bc4 e6 7. Bb3 b5 8. O-O
Be7 9. Qf3 Qc7 10. Qg3 O-O 11. Bh6 Ne8 12. Rad1 Bd7 13. Kh1 Nc6 14. Nce2 Bf6
15. Bg5 Na5 16. Nf4 Nxb3 17. cxb3 Bxd4 18. Rxd4 f6 19. Bh4 e5 20. Nd5 Qc2 21.
Rd3 Bc6 22. Qe3 Bxd5 23. Rxd5 Qxb2 24. Rd2 Qa3 25. Rc2 g5 26. Bg3 Ng7 27. Qd3
Rfc8 28. Rd1 Rxc2 29. Qxc2 Qc5 30. Qxc5 dxc5 31. Rd6 c4 32. bxc4 Rc8 33. c5
Rxc5 34. h3 Nh5 35. Rxa6 Rc4 36. Kh2 Rxe4 37. Ra5 f5 38. f3 Re2 39. Ra8+ Kf7
40. Ra7+ Ke6 41. Ra6+ Kd5 42. Rh6 Nxg3 43. Kxg3 Rxa2 0-1